Quiz sur l'Empire du Tibet - Statistiques

Statistiques générales
  • Ce quiz a été pris 106 fois
  • Le résultat moyen est 2 sur 12
Statistiques - réponses
Questions Réponses % Correct
Quelles ont été les deux capitales de l'Empire ? Lhassa
85%
En 763, l'Empire du Tibet envahit la capitale chinoise de l'époque. Quelle était cette dernière ? Chang’an
46%
Période qui succède à l'Empire du Tibet, qui doit son nom au manque d'information la concernant Siècle {obscur}
35%
Bataille qui oppose l'Empire du Tibet, allié au califat abbasside, à la dynastie Tang Bataille de {Talas}
18%
Religion d'État réinsaurée par l'empereur Langdarma Bön
12%
Qui a été le premier empereur de l'Empire du Tibet ? Songtsen Gampo
12%
Quels sont les deux autres empereurs qui sont appelés les "Trois rois religieux" Trisong Detsen
11%
Quelle est la dynastie de ce dernier ? Yarlung
10%
Quel était le nom du titre donné à l'Empereur ? Tsenpo
6%
Quelles ont été les deux capitales de l'Empire ? Yumbum Lhakang
6%
Quel est l'autre nom donné à l'Empire du Tibet Royaume de {Pugyäl}
5%
Quels sont les deux autres empereurs qui sont appelés les "Trois rois religieux" Tri Ralpachen
5%
Aucun quiz correspondant
Distribution des résultats
% des personnes avec chaque résultat
Percentile par nombre de réponses
Votre historique - résultats
Vous n’avez pas pris ce quiz